[Event "8. Lovsprings EMT Mesterklassen 1996"]
[Site "Ringsted"]
[Date "1996.04.19"]
[Round "6"]
[White "Arnkilde, Anders"]
[Black "Bromann, Thorbjorn"]
[Result "0-1"]
[WhiteElo "1997"]
[BlackElo "2149"]
[PlyCount "120"]
[EventDate "1996.??.??"]

1. e4 e6 2. d4 d5 3. Nc3 Nf6 4. exd5 exd5 5. Bd3 Nc6 6. Nf3 Bg4 7. Bb5 a6 8.
Bxc6+ bxc6 9. O-O Be7 10. Qd3 Nd7 11. Ne5 Nxe5 12. dxe5 Qd7 13. Bf4 Bf5 14. Qe2
Bg6 15. Bg3 Qf5 16. Rac1 O-O 17. Nd1 Rfb8 18. Ne3 Qe4 19. c3 a5 20. f3 Qa4 21.
b3 Qa3 22. Kh1 a4 23. b4 Bxb4 24. cxb4 Bd3 25. Qd2 Bxf1 26. Rxf1 Rxb4 27. Nf5
h6 28. Ne7+ Kh8 29. Nxc6 Rb2 30. Qxd5 Qxa2 31. Qe4 Re2 32. Qf5 Qc2 33. Qd7 Rd2
34. Qxc7 Rd1 35. Kg1 Rxf1+ 36. Kxf1 a3 37. Qb7 Qa4 38. Nb8 Qd1+ 39. Be1 Qd3+
40. Kf2 Qd4+ 41. Kf1 Qd3+ 42. Kf2 a2 43. Qxa8 Qd4+ 44. Kg3 Qxe5+ 45. Kh3 a1=Q
46. Nd7+ Qxa8 47. Nxe5 Qe8 48. f4 g5 49. g3 f6 50. Nf3 Qe2 51. fxg5 Qxf3 52.
Bd2 Qf1+ 53. Kh4 fxg5+ 54. Bxg5 hxg5+ 55. Kxg5 Qh3 56. g4 Qxh2 57. Kg6 Qf2 58.
g5 Kg8 59. Kh6 Kf7 60. Kh7 Qh2# 0-1

[Event "8. Lovsprings EMT Mesterklassen 1996"]
[Site "Ringsted"]
[Date "1996.04.19"]
[Round "6"]
[White "Hansen, Jens Hjort"]
[Black "Buhl, Poul"]
[Result "1/2-1/2"]
[WhiteElo "1906"]
[BlackElo "2021"]
[PlyCount "81"]
[EventDate "1996.??.??"]

1. e4 d6 2. d4 Nf6 3. Nd2 g6 4. f4 e5 5. c3 exf4 6. Ngf3 Bg7 7. Bc4 O-O 8. O-O
h6 9. e5 Ng4 10. Nb3 dxe5 11. h3 e4 12. hxg4 Bxg4 13. Bxf4 exf3 14. gxf3 Bf5
15. Nc5 b6 16. Ne4 Nd7 17. Bd5 Rc8 18. Bb7 Rb8 19. Bc6 Nf6 20. Nxf6+ Qxf6 21.
Be4 Bh3 22. Qd2 Bxf1 23. Rxf1 Qe7 24. Bxh6 Bxh6 25. Qxh6 Qf6 26. Rf2 Qg7 27.
Qg5 Rbd8 28. Qe7 f5 29. Qe6+ Qf7 30. Bxf5 Rfe8 31. Qxg6+ Qxg6+ 32. Bxg6 Re1+
33. Kg2 Rd7 34. Kh3 Rg1 35. Bf5 Rdg7 36. Kh2 Kf7 37. Bg4 Ra1 38. a3 Kf6 39. Kg3
Re1 40. Rh2 a5 41. Kf4 1/2-1/2

[Event "8. Lovsprings EMT Mesterklassen 1996"]
[Site "Ringsted"]
[Date "1996.04.19"]
[Round "6"]
[White "Jacobsen, Erik"]
[Black "Christensen, Lars (1957)"]
[Result "0-1"]
[WhiteElo "1983"]
[BlackElo "2020"]
[PlyCount "62"]
[EventDate "1996.??.??"]

1. e4 c5 2. Nf3 d6 3. d4 cxd4 4. Nxd4 Nf6 5. Nc3 g6 6. Be2 Bg7 7. Be3 Nc6 8.
O-O h5 9. Kh1 Ng4 10. Bxg4 hxg4 11. g3 Qa5 12. Nd5 e6 13. Nxc6 bxc6 14. Bd2 Qd8
15. Ne3 f5 16. Re1 c5 17. exf5 Bb7+ 18. Kg1 Bf3 19. Qc1 Rxh2 20. Kxh2 Kd7 21.
fxe6+ Kc6 22. Ng2 Qh8+ 23. Nh4 Bxb2 24. Qb1 Bf6 25. c4 Rb8 26. Qc2 Bxh4 27.
Qa4+ Kb7 28. Rab1+ Ka8 29. Rxb8+ Kxb8 30. Bh6 Qxh6 31. Kg1 Bd8 0-1

[Event "8. Lovsprings EMT Mesterklassen 1996"]
[Site "Ringsted"]
[Date "1996.04.19"]
[Round "6"]
[White "Jorgensen, Gert"]
[Black "Pedersen, Kim"]
[Result "0-1"]
[WhiteElo "1925"]
[BlackElo "2237"]
[PlyCount "92"]
[EventDate "1996.??.??"]

1. d4 d5 2. c4 c6 3. Nc3 Nf6 4. e3 g6 5. Nf3 Bg7 6. cxd5 cxd5 7. Be2 O-O 8. O-O
Nc6 9. a3 e6 10. b4 Ne8 11. Qb3 Nd6 12. Bb2 f5 13. Nxd5 exd5 14. Qxd5+ Kh8 15.
Qa2 Qe7 16. b5 Nd8 17. a4 Be6 18. Qa3 Rc8 19. Bc3 N8f7 20. Bb4 Rfd8 21. Rac1
Rxc1 22. Rxc1 Bd5 23. Rc5 Qe6 24. Rc7 Rc8 25. Qc3 Re8 26. Bd1 Bf6 27. Qd3 Bc4
28. Qc3 Bd5 29. Nd2 Bd8 30. Rc5 b6 31. Rxd5 Qxd5 32. Bb3 Qb7 33. d5+ Kg8 34.
Qd4 Be7 35. Bc3 Bf8 36. f3 Qe7 37. e4 Bh6 38. Kf1 Qf8 39. exf5 Nxf5 40. Qd3 Re3
41. Qc4 Rxf3+ 42. Kg1 N7d6 43. Qc7 Rxc3 44. Qxc3 Qe7 45. Kf1 Qe3 46. Qxe3 Nxe3+
0-1

[Event "8. Lovsprings EMT Mesterklassen 1996"]
[Site "Ringsted"]
[Date "1996.04.19"]
[Round "6"]
[White "Madsen, Morten"]
[Black "Jensen, Soren"]
[Result "0-1"]
[WhiteElo "1981"]
[BlackElo "1994"]
[PlyCount "72"]
[EventDate "1996.??.??"]

1. e4 c6 2. d4 d5 3. e5 Bf5 4. Nf3 e6 5. Be2 Nd7 6. O-O h6 7. c3 Ne7 8. b3 c5
9. Ba3 Nc6 10. Bd3 Bxd3 11. Qxd3 Qb6 12. dxc5 Bxc5 13. b4 Be7 14. Re1 Rc8 15.
Nbd2 Qc7 16. Qe2 O-O 17. Bc1 Rfd8 18. a3 Nb6 19. a4 d4 20. Nxd4 Nxd4 21. cxd4
Bxb4 22. Ba3 Bxa3 23. Rxa3 Rxd4 24. Nf3 Rxa4 25. Rxa4 Nxa4 26. h4 Nc3 27. Qe3
b5 28. g4 Nd5 29. Qe4 Qc2 30. Qd4 Qc3 31. Qd1 Qc4 32. Nh2 Qc2 33. Qf3 Rc3 34.
Qg2 b4 35. g5 h5 36. g6 Qxg6 0-1

[Event "8. Lovsprings EMT Mesterklassen 1996"]
[Site "Ringsted"]
[Date "1996.04.19"]
[Round "6"]
[White "Nielsen, Per Henrik Axel"]
[Black "Askgaard, Jens"]
[Result "0-1"]
[WhiteElo "1944"]
[BlackElo "1985"]
[PlyCount "82"]
[EventDate "1996.??.??"]

1. e4 e6 2. d3 d5 3. Nd2 Nf6 4. g3 b6 5. Bg2 Bb7 6. e5 Ng8 7. Ngf3 Ne7 8. O-O
c5 9. Re1 Nbc6 10. Nf1 Nf5 11. c3 Qd7 12. a3 a5 13. d4 Be7 14. Ne3 Nxe3 15.
Bxe3 h6 16. h4 a4 17. Nd2 Na5 18. b4 axb3 19. dxc5 bxc5 20. Nxb3 Nxb3 21. Qxb3
O-O 22. Qd1 Ra4 23. Bf1 Rfa8 24. Bd3 d4 25. Bf4 Rxa3 26. Rc1 Ba6 27. Be4 Rd8
28. Qg4 Kh8 29. Qh5 Bf8 30. Bg5 Rb8 31. g4 g6 32. Bf6+ Kh7 33. g5 Bb7 34. Bb1
Qd5 35. Re4 gxh5 36. Rg4+ d3 37. Bxd3+ Qxd3 38. Rg3 Qe4 39. Kh2 Ra2 40. Rcg1
Rxf2+ 41. Kh3 Qf5+ 0-1

[Event "8. Lovsprings EMT Mesterklassen 1996"]
[Site "Ringsted"]
[Date "1996.04.19"]
[Round "6"]
[White "Pedersen, Hans Dahl"]
[Black "Nielsen, Max"]
[Result "0-1"]
[WhiteElo "2091"]
[BlackElo "2165"]
[PlyCount "80"]
[EventDate "1996.??.??"]

1. d4 Nf6 2. Nf3 g6 3. c4 Bg7 4. Nc3 O-O 5. g3 d6 6. Bg2 Nc6 7. O-O a6 8. h3
Rb8 9. a4 a5 10. e4 Nd7 11. Bg5 h6 12. Be3 e5 13. Nd5 Nf6 14. Nxf6+ Qxf6 15. d5
Nb4 16. c5 Qd8 17. Qd2 Kh7 18. Rfc1 b6 19. cxd6 cxd6 20. Ne1 Na6 21. Nd3 Nc5
22. Ra3 Bd7 23. b4 Nxd3 24. Qxd3 axb4 25. Raa1 f5 26. Qb3 Qf6 27. Qxb4 f4 28.
Bxb6 Qg5 29. Qxd6 fxg3 30. Qxd7 gxf2+ 31. Bxf2 Rxf2 32. Qg4 Qe3 33. Kh2 Rbb2
34. Rg1 h5 35. Qg3 Rf3 36. Rae1 Rxg3 37. Rxe3 Rxe3 38. Kh1 Ra3 39. Rd1 Rxa4 40.
Kg1 Rba2 0-1

[Event "8. Lovsprings EMT Mesterklassen 1996"]
[Site "Ringsted"]
[Date "1996.04.19"]
[Round "6"]
[White "Pedersen, Henrik Dahl"]
[Black "Kronow, Jacob"]
[Result "1/2-1/2"]
[WhiteElo "1999"]
[BlackElo "1901"]
[PlyCount "68"]
[EventDate "1996.??.??"]

1. d4 Nf6 2. g3 d5 3. Bg2 e6 4. Nf3 c5 5. O-O Nc6 6. b3 cxd4 7. Nxd4 Bc5 8. Bb2
O-O 9. e3 Ne7 10. Nd2 b6 11. c4 Bb7 12. a3 Ng6 13. b4 Be7 14. h4 e5 15. Nf5 Bc8
16. Nxe7+ Qxe7 17. cxd5 Ba6 18. Re1 Rad8 19. e4 Bc8 20. Rc1 Bd7 21. Nc4 Ng4 22.
h5 Nh4 23. f3 Nxg2 24. Kxg2 Qg5 25. fxg4 Bxg4 26. Qd2 Qxh5 27. Nxe5 Bh3+ 28.
Kg1 f5 29. Qe2 Qh6 30. Rc6 Qg5 31. Qh2 Qh5 32. Nd3 fxe4 33. Nf4 Rxf4 34. gxf4
Qg4+ 1/2-1/2

[Event "8. Lovsprings EMT Mesterklassen 1996"]
[Site "Ringsted"]
[Date "1996.04.19"]
[Round "6"]
[White "Preuss, Flemming"]
[Black "Lynge, Michael"]
[Result "1/2-1/2"]
[WhiteElo "2029"]
[BlackElo "2115"]
[PlyCount "112"]
[EventDate "1996.??.??"]

1. e4 g6 2. Nc3 Bg7 3. f4 c5 4. Nf3 Nc6 5. g3 d6 6. Bg2 Rb8 7. a4 a6 8. d3 b5
9. axb5 axb5 10. O-O b4 11. Ne2 Qb6 12. Kh1 f5 13. e5 Nh6 14. d4 cxd4 15. Nexd4
Nxd4 16. Be3 dxe5 17. Nxe5 Bb7 18. Bxd4 Bxg2+ 19. Kxg2 Qb7+ 20. Qf3 O-O 21. Ra7
Qxf3+ 22. Kxf3 Ng4 23. Re1 Rbc8 24. c3 bxc3 25. Bxc3 Bxe5 26. fxe5 Nxh2+ 27.
Kg2 Ng4 28. Rxe7 Rf7 29. Re6 Rb7 30. Re2 Kf7 31. Rd6 Ke7 32. Rd5 Ke6 33. Rd6+
Ke7 34. Rd3 Rc6 35. Kf3 h6 36. Rd4 Ke6 37. Rxg4 fxg4+ 38. Kxg4 Rc4+ 39. Kh3
Rbc7 40. Re3 R7c6 41. Kg2 g5 42. Kf3 Kf5 43. Ke2 Re4 44. Kd3 Rxe3+ 45. Kxe3 h5
46. Kf3 Rc4 47. Kg2 Rc6 48. Kf3 h4 49. gxh4 gxh4 50. Kg2 Kg4 51. Kh2 h3 52. Kg1
Kg3 53. Be1+ Kf4 54. Bc3 Kg3 55. Be1+ Kf4 56. Bc3 Kg3 1/2-1/2

[Event "8. Lovsprings EMT Mesterklassen 1996"]
[Site "Ringsted"]
[Date "1996.04.19"]
[Round "6"]
[White "Rasmussen, Henning"]
[Black "Bruun, Erling"]
[Result "1-0"]
[WhiteElo "1935"]
[BlackElo "1957"]
[PlyCount "59"]
[EventDate "1996.??.??"]

1. e4 g6 2. d4 d6 3. Nc3 Bg7 4. Be3 Nc6 5. d5 Ne5 6. f4 Ng4 7. Bd4 N4f6 8. Be2
e6 9. Nf3 Ne7 10. g4 O-O 11. g5 Nd7 12. Bxg7 Kxg7 13. Qd4+ Kg8 14. O-O-O exd5
15. Nxd5 Nxd5 16. exd5 a5 17. h4 Nc5 18. h5 Qe7 19. Bd3 Nxd3+ 20. Rxd3 Bf5 21.
Re3 Qd7 22. h6 f6 23. gxf6 Qf7 24. Re7 Qxf6 25. Rg7+ Kh8 26. Qxf6 Rxf6 27. Ng5
Raf8 28. Re1 Bd7 29. Ree7 Rxf4 30. Rxh7+ 1-0

[Event "8. Lovsprings EMT Mesterklassen 1996"]
[Site "Ringsted"]
[Date "1996.04.19"]
[Round "6"]
[White "Rasmussen, Per Arnt"]
[Black "Madsen, Hans Henrik"]
[Result "0-1"]
[WhiteElo "1990"]
[BlackElo "2099"]
[PlyCount "122"]
[EventDate "1996.??.??"]

1. e4 c5 2. Nc3 Nc6 3. Nf3 Nf6 4. d4 cxd4 5. Nxd4 e6 6. Ndb5 Bb4 7. a3 Bxc3+ 8.
Nxc3 d5 9. Bd3 dxe4 10. Nxe4 Nxe4 11. Bxe4 Qa5+ 12. Bd2 Qb5 13. Qe2 Qxb2 14.
O-O O-O 15. Rab1 Qe5 16. Rb5 Qc7 17. Bc3 f5 18. Bxc6 Qxc6 19. Qe5 Rf7 20. Rd1
Bd7 21. Rc5 Qe4 22. Qxe4 fxe4 23. Rd6 Re8 24. Bd4 Bc6 25. Re5 Rf6 26. Bxa7 Rg6
27. g3 Kf7 28. Ra5 e5 29. Rd2 h5 30. Be3 h4 31. Kf1 hxg3 32. hxg3 Ke6 33. c4
Rh8 34. Ke2 Rh1 35. Rd8 Rf6 36. Rg8 Rf7 37. Rd8 Rb1 38. Rd1 Rb3 39. Kd2 Rd7+
40. Kc2 Rbd3 41. Rh1 Kf5 42. Bf4 Kg4 43. Rxe5 Rxa3 44. Rh4+ Kf3 45. Rf5 Ke2 46.
Rh2 Rf3 47. Ra5 Rxf2 48. Rxf2+ Kxf2 49. Ra3 Rf7 50. Kd2 Rf5 51. Rc3 g6 52. c5
Rd5+ 53. Kc1 Bb5 54. Kc2 Bd3+ 55. Kd2 Kf3 56. Ke1 e3 57. c6 bxc6 58. Rxc6 Rh5
59. Bxe3 Kxe3 60. Re6+ Be4 61. g4 Rh1# 0-1

[Event "8. Lovsprings EMT Mesterklassen 1996"]
[Site "Ringsted"]
[Date "1996.04.26"]
[Round "7"]
[White "Arnkilde, Anders"]
[Black "Pedersen, Kim"]
[Result "1/2-1/2"]
[WhiteElo "1997"]
[BlackElo "2237"]
[PlyCount "102"]
[EventDate "1996.??.??"]

1. e4 Nf6 2. Nc3 e5 3. Nf3 Nc6 4. Bb5 d6 5. d4 exd4 6. Qxd4 Bd7 7. Bxc6 Bxc6 8.
Bg5 Be7 9. O-O O-O 10. Rfe1 Nd7 11. Bxe7 Qxe7 12. Nd5 Bxd5 13. exd5 Qf6 14.
Rad1 Qxd4 15. Rxd4 Rfe8 16. Kf1 Nb6 17. Re3 Rxe3 18. fxe3 a5 19. a4 Re8 20. Ke2
Nd7 21. Ne1 Re7 22. Nd3 g6 23. Nc1 f5 24. Nb3 b6 25. h3 Kg7 26. Nd2 g5 27. c3
Nc5 28. Kf3 Kg6 29. h4 h6 30. hxg5 hxg5 31. g4 fxg4+ 32. Rxg4 Nd3 33. Nc4 Rf7+
34. Kg3 Nc5 35. Nd2 Re7 36. Kf3 Nd3 37. Nc4 Kh5 38. Rd4 Nc5 39. Nd2 Nd7 40. Ne4
Ne5+ 41. Kg2 Rf7 42. Ng3+ Kg6 43. e4 g4 44. Nf5 Kg5 45. Rd2 Rh7 46. Nd4 Kf4 47.
Ne6+ Ke3 48. Rd1 Rf7 49. Re1+ Kd3 50. b4 Kxc3 51. bxa5 bxa5 1/2-1/2

[Event "8. Lovsprings EMT Mesterklassen 1996"]
[Site "Ringsted"]
[Date "1996.04.26"]
[Round "7"]
[White "Bromann, Thorbjorn"]
[Black "Nielsen, Max"]
[Result "1/2-1/2"]
[WhiteElo "2149"]
[BlackElo "2165"]
[PlyCount "74"]
[EventDate "1996.??.??"]

1. e4 c5 2. Nf3 Nc6 3. d4 cxd4 4. Nxd4 Nf6 5. Nc3 e5 6. Ndb5 d6 7. Bg5 a6 8.
Bxf6 gxf6 9. Na3 b5 10. Nd5 Bg7 11. Bd3 Ne7 12. Nxe7 Qxe7 13. c3 f5 14. O-O O-O
15. Nc2 Bb7 16. exf5 Qg5 17. g3 e4 18. Be2 Qxf5 19. a4 bxa4 20. Rxa4 Qe5 21.
Rb4 Rab8 22. Qa1 f5 23. Bxa6 Ba8 24. Qa2+ Kh8 25. Qc4 f4 26. Rxb8 Rxb8 27. Qc7
Rf8 28. Bb7 Bxb7 29. Qxb7 Qf5 30. Qa6 Be5 31. Qe2 Rb8 32. Ne1 d5 33. g4 Rg8 34.
f3 exf3 35. Qxf3 Rxg4+ 36. Kh1 Qe4 37. Ng2 h5 1/2-1/2

[Event "8. Lovsprings EMT Mesterklassen 1996"]
[Site "Ringsted"]
[Date "1996.04.26"]
[Round "7"]
[White "Buhl, Poul"]
[Black "Bruun, Erling"]
[Result "1-0"]
[WhiteElo "2021"]
[BlackElo "1957"]
[PlyCount "70"]
[EventDate "1996.??.??"]

1. c4 e5 2. Nc3 f5 3. g3 Nf6 4. Bg2 Nc6 5. d3 g6 6. Nf3 Bg7 7. O-O d6 8. Rb1
O-O 9. b4 h6 10. e3 g5 11. b5 Ne7 12. Qb3 Be6 13. a4 Rb8 14. Ba3 Ng6 15. d4 e4
16. Nd2 Re8 17. Rfc1 Qe7 18. a5 Kh8 19. Qb4 b6 20. c5 d5 21. Na4 Bf8 22. axb6
axb6 23. cxb6 Qxb4 24. Bxb4 cxb6 25. Rc6 Bxb4 26. Rxb4 Nd7 27. Rb1 f4 28. Rbc1
f3 29. Bf1 Ngf8 30. Rd6 Rec8 31. Rcc6 Rxc6 32. bxc6 Nf6 33. Bb5 Kg7 34. Ba6 Ra8
35. c7 Rxa6 1-0

[Event "8. Lovsprings EMT Mesterklassen 1996"]
[Site "Ringsted"]
[Date "1996.04.26"]
[Round "7"]
[White "Christensen, Lars (1957)"]
[Black "Rasmussen, Henning"]
[Result "1/2-1/2"]
[WhiteElo "2020"]
[BlackElo "1935"]
[PlyCount "82"]
[EventDate "1996.??.??"]

1. e4 d5 2. exd5 Qxd5 3. Nc3 Qa5 4. Nf3 Nf6 5. Be2 c6 6. b4 Qxb4 7. Rb1 Qd6 8.
Rb3 g6 9. Bb2 Bg7 10. Ne4 Qc7 11. Nxf6+ Bxf6 12. Bxf6 exf6 13. Re3+ Kf8 14. Qa1
Kg7 15. O-O Bg4 16. Re1 Bxf3 17. Bxf3 Nd7 18. d4 Rad8 19. Re7 Qd6 20. c3 Ne5
21. Rxb7 Nxf3+ 22. gxf3 Rd7 23. Qb2 Rhd8 24. Rxd7 Rxd7 25. Re8 Re7 26. Qb8 Qxb8
27. Rxb8 Re1+ 28. Kg2 Rc1 29. Rb3 Rc2 30. Ra3 g5 31. Kg3 h5 32. h4 Kg6 33. Rxa7
Rxc3 34. Rc7 Ra3 35. Rxc6 Rxa2 36. hxg5 Kxg5 37. Rc5+ f5 38. f4+ Kg6 39. d5 Rd2
40. Rc6+ Kg7 41. d6 Rd4 1/2-1/2

[Event "8. Lovsprings EMT Mesterklassen 1996"]
[Site "Ringsted"]
[Date "1996.04.26"]
[Round "7"]
[White "Jacobsen, Erik"]
[Black "Pedersen, Henrik Dahl"]
[Result "1-0"]
[WhiteElo "1983"]
[BlackElo "1999"]
[PlyCount "139"]
[EventDate "1996.??.??"]

1. e4 Nf6 2. e5 Nd5 3. d4 d6 4. c4 Nb6 5. exd6 exd6 6. Be3 Be7 7. Bd3 Nc6 8.
Nc3 Bf6 9. Nge2 Bg4 10. Qd2 Nb4 11. O-O Nxd3 12. Qxd3 O-O 13. f3 Bc8 14. Ne4
Be7 15. b3 d5 16. Nf2 Re8 17. Ng3 g6 18. Ng4 h5 19. Ne5 h4 20. Nxg6 hxg3 21.
hxg3 Bf6 22. c5 Nc4 23. Bf4 Nb2 24. Qd2 fxg6 25. Qxb2 g5 26. Be5 Bxe5 27. dxe5
Qe7 28. Qc2 Qh7 29. Qc3 c6 30. f4 g4 31. Kf2 Bf5 32. Rh1 Qg7 33. Rh5 d4 34.
Qc4+ Be6 35. Qd3 Rf8 36. Rah1 Rf7 37. Kg1 Rd8 38. Rg5 Qxg5 39. fxg5 Bf5 40. Qd2
Rh7 41. Rxh7 Kxh7 42. Qf4 Kg6 43. e6 d3 44. Qc7 Rf8 45. Qe7 d2 46. Qd6 Re8 47.
e7+ Kxg5 48. Qxd2+ Kf6 49. Qd6+ Kf7 50. Qf4 Ke6 51. Qh6+ Kf7 52. Qh5+ Bg6 53.
Qxg4 Rxe7 54. Qf4+ Kg7 55. Qb8 a6 56. g4 Rf7 57. Kh2 Bb1 58. a3 Bc2 59. b4 Bb3
60. Kg3 Bd5 61. Kh4 Kg6 62. Qd6+ Rf6 63. Qe7 Rf7 64. Qg5+ Kh7 65. Kh5 Kh8 66.
Qd8+ Kh7 67. g5 Be4 68. Qd6 Kh8 69. g6 Rf5+ 70. Kh6 1-0

[Event "8. Lovsprings EMT Mesterklassen 1996"]
[Site "Ringsted"]
[Date "1996.04.26"]
[Round "7"]
[White "Jensen, Soren"]
[Black "Kronow, Jacob"]
[Result "1-0"]
[WhiteElo "1994"]
[BlackElo "1901"]
[PlyCount "67"]
[EventDate "1996.??.??"]

1. d4 Nf6 2. c4 c5 3. d5 b5 4. cxb5 a6 5. f3 d6 6. e4 g6 7. Na3 Bg7 8. Ne2 O-O
9. Nc3 axb5 10. Naxb5 Nbd7 11. Be2 Ba6 12. O-O Qb6 13. a4 Rfc8 14. Be3 Qd8 15.
Kh1 c4 16. Qc2 Ne8 17. Na7 Rxa7 18. Bxa7 Ne5 19. f4 Nd3 20. Bxd3 cxd3 21. Qd2
Qd7 22. Be3 Nf6 23. Ra3 h5 24. b4 Ng4 25. b5 Bxc3 26. Rxc3 Rxc3 27. Qxc3 Nxe3
28. Rf3 Bxb5 29. axb5 Qxb5 30. Rxe3 d2 31. Qa1 Qc5 32. Rf3 Qa5 33. Rf1 Qb4 34.
Qd1 1-0

[Event "8. Lovsprings EMT Mesterklassen 1996"]
[Site "Ringsted"]
[Date "1996.04.26"]
[Round "7"]
[White "Lynge, Michael"]
[Black "Askgaard, Jens"]
[Result "1/2-1/2"]
[WhiteElo "2115"]
[BlackElo "1985"]
[PlyCount "37"]
[EventDate "1996.??.??"]

1. d4 e6 2. e4 d5 3. Nc3 Nf6 4. Bg5 Bb4 5. e5 h6 6. exf6 hxg5 7. fxg7 Rg8 8. h4
gxh4 9. Qg4 Qf6 10. Rxh4 Qxg7 11. Qxg7 Rxg7 12. Rh8+ Bf8 13. Nb5 Na6 14. Nf3
Ke7 15. O-O-O Bd7 16. Nc3 Re8 17. Re1 Kd8 18. a3 Nb8 19. g3 1/2-1/2

[Event "8. Lovsprings EMT Mesterklassen 1996"]
[Site "Ringsted"]
[Date "1996.04.26"]
[Round "7"]
[White "Madsen, Hans Henrik"]
[Black "Jorgensen, Gert"]
[Result "0-1"]
[WhiteElo "2099"]
[BlackElo "1925"]
[PlyCount "80"]
[EventDate "1996.??.??"]

1. e4 d5 2. exd5 Qxd5 3. Nc3 Qa5 4. Bc4 Bf5 5. Qf3 c6 6. b4 Qe5+ 7. Nge2 e6 8.
d4 Qc7 9. g4 Bxc2 10. Bf4 Bd6 11. Rc1 Bg6 12. h4 h5 13. gxh5 Rxh5 14. Qe3 Ne7
15. Ne4 Bxf4 16. Nxf4 Nf5 17. Qd2 Nxh4 18. Ke2 Bxe4 19. Nxh5 Bf3+ 20. Kd3 Bxh1
21. Nxg7+ Kd7 22. Rxh1 Ng6 23. Nxe6 fxe6 24. Rh7+ Ne7 25. Qg5 Qd6 26. Rh6 Na6
27. Bxe6+ Kc7 28. Qa5+ b6 29. Qxa6 Qf4 30. Rh3 Qxf2 31. Re3 Qf1+ 32. Re2 Ng6
33. Ke3 Nf4 34. d5 Qxe2+ 35. Qxe2 Nxe2 36. Kxe2 Re8 37. Kd3 Kd6 38. Kd4 Rf8 39.
Ke4 Rh8 40. a3 cxd5+ 0-1

[Event "8. Lovsprings EMT Mesterklassen 1996"]
[Site "Ringsted"]
[Date "1996.04.26"]
[Round "7"]
[White "Madsen, Morten"]
[Black "Hansen, Jens Hjort"]
[Result "1-0"]
[WhiteElo "1981"]
[BlackElo "1906"]
[PlyCount "85"]
[EventDate "1996.??.??"]

1. e4 c5 2. c3 d5 3. e5 Bf5 4. d4 e6 5. Nf3 Nc6 6. Bb5 Bg4 7. Be3 Qc7 8. O-O
Nge7 9. Nbd2 Nf5 10. h3 Nxe3 11. fxe3 Bh5 12. Qe1 Be7 13. Bd3 Bg6 14. Bxg6 hxg6
15. e4 O-O-O 16. exd5 exd5 17. Nb3 g5 18. Qg3 f6 19. Rae1 Rh6 20. Qg4+ Kb8 21.
exf6 gxf6 22. Nxc5 Bxc5 23. dxc5 Ne5 24. Nxe5 fxe5 25. Qxg5 Re6 26. b4 Rde8 27.
Rd1 Qc6 28. Rf7 d4 29. cxd4 Rg6 30. d5 Qa4 31. Qxg6 Qxd1+ 32. Rf1 Qd4+ 33. Kh1
Rd8 34. d6 b6 35. Qf7 Rc8 36. Qe7 Rh8 37. Qc7+ Ka8 38. Qc6+ Kb8 39. Rf7 Rxh3+
40. gxh3 Qa1+ 41. Kg2 Qxa2+ 42. Rf2 Qg8+ 43. Kh2 1-0

[Event "8. Lovsprings EMT Mesterklassen 1996"]
[Site "Ringsted"]
[Date "1996.04.26"]
[Round "7"]
[White "Nielsen, Per Henrik Axel"]
[Black "Pedersen, Hans Dahl"]
[Result "1/2-1/2"]
[WhiteElo "1944"]
[BlackElo "2091"]
[PlyCount "118"]
[EventDate "1996.??.??"]

1. e4 g6 2. d4 Bg7 3. c4 d6 4. Nc3 a6 5. Be2 Nc6 6. Nf3 e5 7. Bg5 f6 8. Be3 Bg4
9. d5 Nce7 10. Nd2 Bd7 11. c5 f5 12. cxd6 cxd6 13. Nc4 Nc8 14. a4 Nf6 15. Qb3
Rb8 16. a5 O-O 17. exf5 gxf5 18. Bg5 Qe8 19. f4 Qg6 20. O-O Ne4 21. Nxe4 fxe4
22. Qg3 Bb5 23. fxe5 Rxf1+ 24. Rxf1 Bxc4 25. Bxc4 Bxe5 26. Qh4 Na7 27. Bf4 Bd4+
28. Kh1 Re8 29. Qg3 Qxg3 30. Bxg3 Be5 31. Bf2 Nb5 32. Bxb5 axb5 33. Bg3 Bxg3
34. hxg3 Kg7 35. Kg1 Re5 36. Rf4 e3 37. Kf1 Rxd5 38. Rg4+ Kf6 39. Rf4+ Ke5 40.
Ke2 Rd2+ 41. Kxe3 Rxg2 42. Rf7 Rxg3+ 43. Kd2 Kd4 44. Rxb7 Rg2+ 45. Kc1 Kc5 46.
Rxh7 Rg8 47. a6 Ra8 48. a7 Kb4 49. Rd7 Ka4 50. Rxd6 Rxa7 51. Kb1 b4 52. Rd1 Kb3
53. Rh1 Rg7 54. Rh3+ Ka4 55. Rh1 Rg3 56. Rc1 Kb3 57. Rh1 Rf3 58. Rg1 Rh3 59.
Rf1 Re3 1/2-1/2